LDR 01003naa#a2200181#i#450# 001 RU\\bibl\121450 005 20260515194044.5 011 ## _a1994-4683 100 ## _a20230531b2023####ek#y0rusy0150####ca 102 ## _aRU 200 1# _aПОВЫШЕНИЕ УРОВНЯ ПСИХОФИЗИЧЕСКОГО РАЗВИТИЯ ДЕТЕЙ С НАРУШЕНИЯМИ ЗРЕНИЯ СРЕДСТВАМИ АДАПТИВНОЙ ФИЗИЧЕСКОЙ КУЛЬТУРЫ _eЖурнальная статья 210 1# _aМосква _cНациональный государственный Университет физической культуры, спорта и здоровья им. П.Ф. Лесгафта _d2023 215 ## _a4 с. 608 ## _aЖурнальная статья _2local 675 ## _aСпортивный отдых. Оздоровительный спорт. Компенсаторный спорт. 796.035 _z 700 #1 _aПопова _gО С 700 #1 _aПономарева _gТ В 856 4# _auchzapiski.lesgaft.spb.ru _u